Question bank in business studies : (Record no. 29522)

MARC details
000 -LEADER
fixed length control field 00928nam a22002657a 4500
005 - DATE AND TIME OF LATEST TRANSACTION
control field 2009082403503.0
008 - FIXED-LENGTH DATA ELEMENTS--GENERAL INFORMATION
fixed length control field 080711t xxu||||| |||| 00| 0 eng d
010 ## - LCCN (DPL NO)
LC control number B-355868
020 ## - INTERNATIONAL STANDARD BOOK NUMBER
International Standard Book Number 9780070263871
Terms of availability 225.00
020 ## - INTERNATIONAL STANDARD BOOK NUMBER
International Standard Book Number 0070263876
Terms of availability 225.00
035 ## - SYSTEM CONTROL NUMBER
System control number B-355868
037 ## - SOURCE OF ACQUISITION
Source of stock number/acquisition DBAD / PUB
040 ## - CATALOGING SOURCE
Original cataloging agency dpl
Language of cataloging English
082 ## - DEWEY DECIMAL CLASSIFICATION NUMBER
Classification number 650
100 ## - MAIN ENTRY--PERSONAL NAME
Personal name Gupta, C.B.
245 ## - TITLE STATEMENT
Title Question bank in business studies :
Statement of responsibility, etc by C.B. Gupta
Remainder of title for class XI /
250 ## - EDITION STATEMENT
Remainder of edition statement 7th ed
260 ## - PUBLICATION, DISTRIBUTION, ETC. (IMPRINT)
Place of publication, distribution, etc New Delhi
Name of publisher, distributor, etc Tata McGraw-Hill Publishing
Date of publication, distribution, etc 2009
270 ## - ADDRESS
Address 7 West Patel Nagar
City New Delhi
Postal code 110008
300 ## - PHYSICAL DESCRIPTION
Extent xvii, 279p.
Dimensions 24cm(pbk)
490 ## - SERIES STATEMENT
Series statement Tata Mcgraw-Hill's question bank series
650 ## - SUBJECT ADDED ENTRY--TOPICAL TERM
Topical term or geographic name as entry element Business Studies
942 ## - ADDED ENTRY ELEMENTS (KOHA)
Source of classification or shelving scheme Dewey Decimal Classification
Item type English Books
Classification part 650
Call number suffix GUP
Holdings
Withdrawn status Lost status Source of classification or shelving scheme Damaged status Not for loan Collection code Home library Current library Date acquired Source of acquisition Cost, normal purchase price Total Checkouts Total Renewals Full call number Barcode Date last seen Copy number Cost, replacement price Koha item type
    Dewey Decimal Classification     Non-fiction Vinoba Puri Vinoba Puri 24/08/2009 DBAD / PUB 225.00 15 8 650 GUP B-355868 14/12/2019 1 225.00 English Books

© Delhi Public Library
Hit Counter
free hit counter